Simposio de plantas medicinales : (Registro nro. 19067)

Detalles MARC
000 -CABECERA
Campo de control 01516nam a2200265 a 4500
005 - FECHA Y HORA DE LA ULTIMA TRANSACCION
Campo de control 20161010094324.0
008 - ELEMENTOS DE LONGITUD FIJA—INFORMACION GENERAL
Campo de control 920612s1992 ck ad r 11010 spa d
040 ## - FUENTE DE CATALOGACIÓN
Agencia catalogadora original la
Agencia transcriptora la
Agencia Modificadora CO-BoIAVH
041 0# - IDIOMA
Código de idioma para texto/pista de sonido o título separado Español
044 ## - PAÍS DE PUBLICACIÓN
País de publicación Colombia
082 04 - NUMERO DE CLASIFICACION DECIMAL DEWEY
Número de clasificación 581.634
Número del ítem S61m
111 2# - ASIENTO PRINCIPAL--NOMBRE DE REUNION
Nombre de reunión o de jurisdicción como elemento de entrada Simposio de Plantas Medicinales (
Fecha de la reunión : 1992 :
Lugar de la reunión Bogotá)
9 (RLIN) 76733
245 10 - MENCION DE TITULO
Título Simposio de plantas medicinales :
Parte restante del título Memorias /
Mención de responsabilidad Primer Simposio sobre Plantas Medicinales :homenaje al Dr. Hernando García Barriga ; organizado por el Departamento de Antropología de la Facultad de Ciencias Sociales y Educación de la Universidad Javeriana.
246 14 - FORMA VARIANTE DEL TITULO
Título propiamente dicho/forma breve del título 1er. Simposio sobre Plantas Medicinales :
Parte restante del título Memorias.
260 ## - PUBLICACION, DISTRIBUCION, ETC. (PIE DE IMPRENTA)
Lugar de publicación, distribución, etc. Santa Fe de Bogotá :
Nombre del editor, distribuidor, etc. Pontificia Universidad Javeriana ; Colegio Máximo de Academias Colombianas, Patronato Colombiano de Artes y Ciencias. Junta Nacional del Folclor,
Fecha de publicación, distribución, etc. 1992.
300 ## - DESCRIPCION FISICA
Extensión 385 páginas:
Otros detalles físicos ilustraciones y tablas ;
Dimensiones 24 x 16 cm.
504 ## - NOTA DE BIBLIOGRAFIA, ETC.
Nota de bibliografía Incluye referencias bibliográficas e índice.
650 26 - ASIENTO SECUNDARIO DE MATERIA - TERMINO TEMATICO
Término temático o nombre geográfico como elemento de entrada Botánica
Subdivisión general Investigaciones
Subdivisión geográfica Colombia
Subdivisión de forma Congresos, conferencias, etc.
9 (RLIN) 76734
650 26 - ASIENTO SECUNDARIO DE MATERIA - TERMINO TEMATICO
Término temático o nombre geográfico como elemento de entrada Plantas medicinales
Subdivisión general Investigaciones
Subdivisión geográfica Colombia
Subdivisión de forma Congresos, conferencias, etc.
9 (RLIN) 76735
650 26 - ASIENTO SECUNDARIO DE MATERIA - TERMINO TEMATICO
Término temático o nombre geográfico como elemento de entrada Etnobotánica
Subdivisión geográfica Colombia
Subdivisión de forma Congresos, conferencias, etc.
9 (RLIN) 76736
700 1# - ASIENTO SECUNDARIO - NOMBRE PERSONAL
Nombre personal García-Barriga, Hernando
Fechas asociadas con el nombre 1913-
9 (RLIN) 76737
710 2# - ASIENTO SECUNDARIO - NOMBRE CORPORATIVO
Nombre corporativo o de jurisdicción como elemento de entrada Pontificia Universidad Javeriana (Bogotá)
Unidad subordinada Departamento de Antropología
9 (RLIN) 76738
740 02 - ASIENTO SECUNDARIO - TITULOS RELACIONADOS /ANALITICOS NO CONTROLADOS
Título relacionado o analítico no controlado Primer Simposio sobre Plantas Medicinales : memorias.
942 ## - ELEMENTOS ADICIONALES (KOHA)
Sistema de clasificación Dewey Decimal Classification
Tipo de ítem Libro
Existencias
Withdrawn status Lost status Sistema de Clasificación Damaged status No para préstamo Colección Inventariado Ubicación Permanente Ubicación actual Fecha de adquisición Fuente de Valor Valor Total Checkouts Número topográfico Inventario / Código de Barras Date last seen Ejemplar Price effective from Forma de adquisición Tipo de material
    Dewey Decimal Classification     General Inventariado 2017 Bogotá Bogotá 10/10/2016 Instituto 39000.00   LB-581.634 S61m 040744 10/10/2016 Ej. 1 10/10/2016 Donación Libro